Комедии.Герод.Мамиамбы: пер. с древнегреч.; Брюзга; Самнянка; Третейский суд; Остриженная; Щит; Сваха, или сводня; Сводник; Учитель; Жертвоприношение Асклепию; Ревнивица; Башмачник; Сон

Podrobná bibliografie
Hlavní autor: Менандр
Další autoři: Герод (переводчик), Яхно В., Подземская Н., Калинина Н.
Jazyk:Starořečtina
Vydáno: Москва, Искусство, 1984
TOC:Менандр, Брюзга; Самнянка; Третейский суд; Остриженная; Щит;
Сваха, или сводня; Сводник; Учитель; Жертвоприношение Асклепию; Ревнивица; Башмачник; Сон;
Edice:Античная драматургия. Греция
Témata:
Médium: MixedMaterials Kniha
KOHA link:https://koha.lib.tpu.ru/cgi-bin/koha/opac-detail.pl?biblionumber=270270

MARC

LEADER 00000nam0a2200000 4500
001 270270
005 20231031224921.0
035 |a (RuTPU)RU\TPU\book\293451 
090 |a 270270 
100 |a 20140925d1984 m y0rusy50 ca 
101 1 |a grc 
102 |a RU 
105 |a a z 001by 
200 1 |a Комедии.Герод.Мамиамбы  |e пер. с древнегреч.  |f Менандр, Герод  |g пер. В. Яхно ; пер. Н. Подземская ; пер. Н. Калинина 
210 |a Москва  |c Искусство  |d 1984 
215 |a 293 с.  |c ил. 
225 1 |a Античная драматургия. Греция 
320 |a Комментарии: с.250-292 
464 |t Брюзга; Самнянка; Третейский суд; Остриженная; Щит  |o комедии  |f Менандр 
464 |t Сваха, или сводня; Сводник; Учитель; Жертвоприношение Асклепию; Ревнивица; Башмачник; Сон  |o мимиамбы  |a Герод, 0 
610 1 |a драматургия 
610 1 |a античная литература 
610 1 |a древнегреческая литература 
610 1 |a комедии 
675 |a 88  |v 3 
700 1 |a Менандр 
701 1 |a Герод 
702 1 |a Яхно  |b В.  |4 730 
702 1 |a Подземская  |b Н.  |4 730 
702 1 |a Калинина  |b Н.  |4 730 
801 1 |a RU  |b 63413507  |c 20140925 
942 |c BK